00388 2200157 4500001002100000005001500021035002000036245004200056100002100098300002600119260003300145082000800178084001400186020001800200990001200218INLIS00000000000303520250918015440 a0010-09250003821 aKupu Kupu Rani /cS. Gegge Mappangewa0 aGegge Mappangewa a158 hlm ;c12 x 18 cm aDepok :bLingkar Pena,c2005 a813 a813 GEG k a979-3651-44-x a0755602